000 00852nam a22001935i 4500
001 164048
003 ES-MaACL
005 20250915063059.0
008 021008s1899 sp |||| | cat d
040 _aCAM
_bspa
_cCAM
100 1 _aRovira y Serra, Manuel,
_d1865-1929
_9132129
245 1 3 _aLa mel
_b: drama en tres actes y en prosa /
_coriginal de Manel Rovira y Serra.
260 _aBarcelona :
_b[s.n.],
_c1898 (
_fImprempta l'Atlántida)
300 _a106 p. ;
_c21 cm.
500 _aEn port.: Estrenat en lo Teatro Catalá instalat en lo de Romea la nit del 22 de novembre de 1898.
596 _aFecha del pie de imp. de la cub., 1899.
852 _aES-MaACL
_zG-3518(7)
_z-- Enc. tela roja con hierros dorados, falto de la enc. original
_q-- Enc. en un vol. facticio
_x-- T650: Teatro español - S. XIX
999 _c164048
_d164048